000 00491nam a22001817a 4500
005 20171106142531.0
010 _aENG-121237
020 _c600.00
_a9789350451298
035 _aEN-104769
037 _bDBAD/PUB
082 _aN
100 _aSudaram,Aarthy
245 _aThe gods of time /
_cby Aarthy Sundaram
260 _aCalcutta
_bA Writers Workshop Publication
_c2016
270 _a162/92 Lake Gardens
_bCalcutta
_e700045
300 _a308p.
_c22cm(Hb)
942 _2ddc
_cEN
_hN
_mSUN
999 _c147199
_d147199